header

Rubber Chem 2010 : (Record no. 135885)

MARC details
000 -LEADER
fixed length control field 01805nam a2200373 i 4500
001 - CONTROL NUMBER
control field ebr10785152
003 - CONTROL NUMBER IDENTIFIER
control field CaPaEBR
006 - FIXED-LENGTH DATA ELEMENTS--ADDITIONAL MATERIAL CHARACTERISTICS--GENERAL INFORMATION
fixed length control field m o d
007 - PHYSICAL DESCRIPTION FIXED FIELD--GENERAL INFORMATION
fixed length control field cr cn|||||||||
008 - FIXED-LENGTH DATA ELEMENTS--GENERAL INFORMATION
fixed length control field 131108s2010 au acd ob 100 0 eng|d
020 ## - INTERNATIONAL STANDARD BOOK NUMBER
Cancelled/invalid ISBN 9781847355553
International Standard Book Number 9781847356567 (e-book)
040 ## - CATALOGING SOURCE
Original cataloging agency CaPaEBR
Language of cataloging eng
Description conventions rda
-- pn
Transcribing agency CaPaEBR
035 ## - SYSTEM CONTROL NUMBER
System control number (OCoLC)868971825
050 14 - LIBRARY OF CONGRESS CALL NUMBER
Classification number TS1890
Item number .R83 2010eb
082 04 - DEWEY DECIMAL CLASSIFICATION NUMBER
Classification number 183
111 2# - MAIN ENTRY--MEETING NAME
Meeting name or jurisdiction name as entry element RubberChem International Conference Devoted to Rubber Chemicals, Compounding & Mixing
Number of part/section/meeting (7th :
Date of meeting 2010 :
Location of meeting Vienna, Austria),
Relator term issuing body.
245 10 - TITLE STATEMENT
Title Rubber Chem 2010 :
Remainder of title 7th International Conference Devoted to Rubber Chemicals, Compounding & Mixing : [conference proceedings] : Vienna, Austria, 30 November-1 December 2010 /
Statement of responsibility, etc organised by Smithers.
246 30 - VARYING FORM OF TITLE
Title proper/short title Rubber Chem 2010 :
Remainder of title 7th International Conference Devoted to Rubber Chemicals, Compounding and Mixing
264 #1 - PRODUCTION, PUBLICATION, DISTRIBUTION, MANUFACTURE, AND COPYRIGHT NOTICE
Place of production, publication, distribution, manufacture Vienna :
Name of producer, publisher, distributor, manufacturer Smithers Rapra Technology Limited,
Date of production, publication, distribution, manufacture, or copyright notice 2010.
300 ## - PHYSICAL DESCRIPTION
Extent 1 online resource (183 pages) :
Other physical details illustrations, portraits
336 ## - CONTENT TYPE
Content type term text
Source rdacontent
337 ## - MEDIA TYPE
Media type term computer
Source rdamedia
338 ## - CARRIER TYPE
Carrier type term online resource
Source rdacarrier
504 ## - BIBLIOGRAPHY, ETC. NOTE
Bibliography, etc Includes bibliographical references.
588 ## - SOURCE OF DESCRIPTION NOTE
Source of description note Description based on online resource; title from PDF title page (ebrary, viewed November 8, 2013).
590 ## - LOCAL NOTE (RLIN)
Local note Electronic reproduction. Palo Alto, Calif. : ebrary, 2013. Available via World Wide Web. Access may be limited to ebrary affiliated libraries.
650 #0 - SUBJECT ADDED ENTRY--TOPICAL TERM
Topical term or geographic name as entry element Rubber chemicals
Form subdivision Congresses.
Topical term or geographic name as entry element Rubber industry and trade
Form subdivision Congresses.
655 #0 - INDEX TERM--GENRE/FORM
Genre/form data or focus term Electronic books.
710 2# - ADDED ENTRY--CORPORATE NAME
Corporate name or jurisdiction name as entry element Smithers.
797 2# - LOCAL ADDED ENTRY--CORPORATE NAME (RLIN)
Corporate name or jurisdiction name as entry element ebrary.
856 40 - ELECTRONIC LOCATION AND ACCESS
Uniform Resource Identifier <a href="http://site.ebrary.com/lib/rucke/Doc?id=10785152">http://site.ebrary.com/lib/rucke/Doc?id=10785152</a>
Public note An electronic book accessible through the World Wide Web; click to view

No items available.

© 2026 Rongo University
Contact us: librarian | system librarian | Rongo university